000 00447nam a2200181Ia 4500
008 240925s9999 xx 000 0 und d
020 _aNA
082 _a658.45 HAR
100 _aHarris, Stuart
245 0 _aHuman Communication
250 _aNA
260 _aNew Delhi:
_bBPB Publication
_c,1992.
300 _axvi,550p.
_bNA
_fPhotocopy
500 _aIncludes Index
600 _aEngineering Technology
650 _aManagement
942 _cBK
999 _c4783
_d4783